Nocturmal perching of Scarabaeine dung beetles (Coleoptera, Scarabaeidae) in an Australian tropical rain forest (Registro nro. 13261)

Detalles MARC
000 -CABECERA
Campo de control 004790000a22001450004500
090 ## - CLASIFICACIÓN LOCAL
Colección AR
Consecutivo 04163
041 0# - IDIOMA
Código de idioma para texto/pista de sonido o título separado
100 1# - ASIENTO PRINCIPAL--NOMBRE PERSONAL
Nombre personal Howden, Henry F.
245 10 - MENCION DE TITULO
Título Nocturmal perching of Scarabaeine dung beetles (Coleoptera, Scarabaeidae) in an Australian tropical rain forest
500 ## - NOTA GENERAL
Nota general <Literatura de escarabajos coprófagos>
700 1# - ASIENTO SECUNDARIO - NOMBRE PERSONAL
Nombre personal Howden, Anne T.
700 1# - ASIENTO SECUNDARIO - NOMBRE PERSONAL
Nombre personal Storey, Ross I.
773 1# - Item fuente:
Título Biotropica
Descripción física 1
Paginas del Articulo 51-57
Lugar, editorial y fecha de publicación 1991
Información sobre la relación 23
942 ## - ELEMENTOS ADICIONALES (KOHA)
Tipo de ítem Artículo
Existencias
Withdrawn status Lost status Damaged status No para préstamo Colección Ubicación Permanente Ubicación actual Fecha de adquisición Fuente de Valor Datos de publicación Seriada Total Checkouts Número topográfico Inventario / Código de Barras Date last seen Ejemplar Price effective from Forma de adquisición Tipo de material
      No para Préstamo Hemeroteca Bogotá Bogotá 07/11/2006 Trujillo, Diego Fuera de circulación   AR 04163 023598 25/03/2015 1 25/03/2015   Artículo